Psychosomatic Cardiovascular Disorders-when and how to treat / (Record no. 594575)

000 -LEADER
fixed length control field 00346nam a22001217a 4500
020 ## - INTERNATIONAL STANDARD BOOK NUMBER
International Standard Book Number 345681111X
082 ## - DEWEY DECIMAL CLASSIFICATION NUMBER
Classification number 616
Author Mark PSY
100 ## - MAIN ENTRY--PERSONAL NAME
Personal name Basle, P. Kielholz
9 (RLIN) 112002
245 ## - TITLE STATEMENT
Title Psychosomatic Cardiovascular Disorders-when and how to treat /
Statement of responsibility, etc. P. Kielholz Basle
260 ## - PUBLICATION, DISTRIBUTION, ETC.
Place of publication, distribution, etc. France,
Name of publisher, distributor, etc. Hans Huber Pub
Date of publication, distribution, etc. 1980.
300 ## - PHYSICAL DESCRIPTION
Extent 256p. ;
942 ## - ADDED ENTRY ELEMENTS (KOHA)
Source of classification or shelving scheme
Koha item type Book
Holdings
Withdrawn status Lost status Source of classification or shelving scheme Damaged status Not for loan Permanent Location Current Location Shelving location Date acquired Total Checkouts Full call number Barcode Date last seen Price effective from Koha item type
          School of Mechanical & Manufacturing Engineering (SMME) School of Mechanical & Manufacturing Engineering (SMME) General Stacks 04/28/2023   616 PSY SMME-3819 04/28/2023 04/28/2023 Book
© 2023 Central Library, National University of Sciences and Technology. All Rights Reserved.